Naga Society: (Record no. 191267)

MARC details
000 -LEADER
fixed length control field 00578nam a2200181 4500
005 - DATE AND TIME OF LATEST TRANSACTION
control field 20220823163802.0
010 ## - LCCN (DPL NO)
LC control number ENG-134579
020 ## - INTERNATIONAL STANDARD BOOK NUMBER
International Standard Book Number 9788193357552
Terms of availability 650.00
035 ## - SYSTEM CONTROL NUMBER
System control number EN-118111
037 ## - SOURCE OF ACQUISITION
Source of stock number/acquisition DBAD/PUB
082 ## - DEWEY DECIMAL CLASSIFICATION NUMBER
Classification number 305.800954165
100 ## - MAIN ENTRY--PERSONAL NAME
Personal name Arjun Singh
245 ## - TITLE STATEMENT
Title Naga Society:
Remainder of title culture and tradition/
Statement of responsibility, etc Arjun Singh
260 ## - PUBLICATION, DISTRIBUTION, ETC. (IMPRINT)
Place of publication, distribution, etc Delhi
Name of publisher, distributor, etc Pranjal book services
Date of publication, distribution, etc 2017
270 ## - ADDRESS
Address 1/11126, 1st Floor Street No.-10, Subhash Park, Shahdara
City Delhi
Postal code 110032
300 ## - PHYSICAL DESCRIPTION
Extent 152p.
Dimensions 22cm(hbk)
Other physical details Bibliography
942 ## - ADDED ENTRY ELEMENTS (KOHA)
Source of classification or shelving scheme Dewey Decimal Classification
Item type English Books
Classification part 305.800954165
Call number suffix ARJ
Holdings
Withdrawn status Lost status Not for loan Collection code Home library Current library Date acquired Source of acquisition Cost, normal purchase price Full call number Barcode Copy number Cost, replacement price Koha item type
      Non-fiction Ashok Vihar Ashok Vihar 23/08/2022 DBAD/PUB 650.00 305.800954165 ARJ EN-118111 1 650.00 English Books

© Delhi Public Library
Hit Counter
free hit counter